003660000a22001090004500090001700000245009700017041001400114100002500128942001300153773007300166999001700239 aASbSeriadas10aSocial changes within a group of wild black-capped capuchins (Cebus apella) in Colombia (II)0 aEspañol1 aIzawa, Kosei9100240 cARTICULO1 tField Studies of Fauna and Flora La Macarena, Colombiaq1-5d1990g3 c16021d16021